000 00480nam a2200181 4500
003 SEACOMEC
005 20240404122943.0
008 231005b |||||||| |||| 00| 0 eng d
020 _cRs. 75.00
040 _aSEACOMEC
082 _a005.7575
_bR161
100 1 _aRajaram, J.
245 1 _aFAQ's in Oracle
_cJ. Rajaram
260 _aChennai
_bScitech
_c2005
650 _aComputer programming, programs, data
650 _aSpecific types of data files and databases
942 _cBOOK
999 _c100
_d100